|
|
|
|
| LEADER |
01734nam a2200433 a 4500 |
| 001 |
000364593 |
| 003 |
CZ BrMZK |
| 005 |
20231016100547.0 |
| 007 |
ta |
| 008 |
040716s1998 xr e f |||| 0 cze d |
| 015 |
|
|
|a cnb000659654
|
| 020 |
|
|
|a 80-7226-092-8
|q (váz.) :
|c Kč 650,00
|
| 035 |
|
|
|a (OCoLC)42616368
|
| 040 |
|
|
|a BOA001
|b cze
|
| 041 |
1 |
|
|a cze
|h eng
|
| 072 |
|
7 |
|a 004.4/.6
|x Programování. Software
|2 Konspekt
|9 23
|
| 080 |
|
|
|a 004.42SQL Server
|2 MRF
|
| 080 |
|
|
|a 004.65
|2 MRF
|
| 080 |
|
|
|a (035)
|2 MRF
|
| 100 |
1 |
|
|a Soukup, Ron
|7 xx0000788
|4 aut
|
| 245 |
1 |
0 |
|a Mistrovství v SQL serveru 6.5 :
|b podrobný průvodce návrhem, implementací a optimalizací databází a architekturou SQL serverů /
|c Ron Soukup
|
| 250 |
|
|
|a Vyd. 1.
|
| 260 |
|
|
|a Praha :
|b Computer Press,
|c 1998
|
| 300 |
|
|
|a 849 s. :
|b il. ;
|c 23 cm +
|e 1 CD-ROM
|
| 490 |
1 |
|
|a Databáze
|
| 500 |
|
|
|a Z angličtiny přeložil David Krásenský
|
| 500 |
|
|
|a Dostupné též v digitální podobě v aplikaci Kramerius
|
| 504 |
|
|
|a Obsahuje rejstřík
|
| 650 |
0 |
7 |
|a Microsoft SQL Server 6.5 (databázový systém)
|7 ph314883
|2 czenas
|
| 650 |
0 |
7 |
|a databázové systémy
|7 ph114296
|2 czenas
|
| 655 |
|
7 |
|a příručky
|7 fd133209
|2 czenas
|
| 700 |
1 |
|
|a Krásenský, David
|7 ola2003204828
|4 trl
|
| 830 |
|
0 |
|a Databáze
|
| 856 |
4 |
1 |
|u http://www.digitalniknihovna.cz/mzk/uuid/uuid:6451fd80-4b82-11ed-8ec8-005056827e51
|y Digitalizovaný dokument
|x NDK
|
| 910 |
|
|
|a BOA001
|b TK-0264.263
|b 2-1052.738
|
| 920 |
|
|
|a 000377441
|
| 990 |
|
|
|a BK
|
| 996 |
6 |
|
|b 2610082654
|c 2-1052.738
|l MZK
|r Sklad / do 1 hodiny
|n 44
|p p.v.
|w 000364593
|u 000020
|a 1
|e BOA001
|j MZK50
|s P
|
| 996 |
7 |
|
|b 2620012931
|c TK-0264.263
|l MZK
|r Sklad / do 24 hodin
|n 9
|p kup
|w 000364593
|u 000010
|a 1
|e BOA001
|j MZK50
|s A
|